L'influence du symbolisme français sur la poésie américaine de 1910 à 1920 / (Record no. 128686)

MARC details
000 -LEADER
campo de control de longitud fija 00729nam a2200205 i 4500
001 - NÚMERO DE CONTROL
campo de control 128686
003 - IDENTIFICADOR DE NÚMERO DE CONTROL
campo de control ES-MaACL
005 - FECHA Y HORA DE LA ÚLTIMA TRANSACCIÓN
campo de control 20230906193337.0
007 - CAMPO FIJO DE DESCRIPCIÓN FÍSICA--INFORMACIÓN GENERAL
campo de control de longitud fija t|
008 - DATOS DE LONGITUD FIJA--INFORMACIÓN GENERAL
campo de control de longitud fija 070523s1929 fr ||||1| fre d
100 1# - ENTRADA PRINCIPAL--NOMBRE DE PERSONA
Nombre de persona Taupin, René.
9 (RLIN) 109406
245 12 - MENCIÓN DEL TÍTULO
Título L'influence du symbolisme français sur la poésie américaine de 1910 à 1920 /
Mención de responsabilidad, etc. par René Taupin.
260 ## - PUBLICACIÓN, DISTRIBUCIÓN, ETC.
Lugar de publicación, distribución, etc. Paris :
Nombre del editor, distribuidor, etc. H. Champion,
Fecha de publicación, distribución, etc. 1929 (
Fabricante Desclé)
300 ## - DESCRIPCIÓN FÍSICA
Extensión 302 p. ;
Dimensiones 25 cm.
490 1# - MENCIÓN DE SERIE
Mención de serie Bibliothèque de la Revue de Litterature Comparée ;
Designación de volumen o secuencia 62
650 04 - PUNTO DE ACCESO ADICIONAL DE MATERIA--TÉRMINO DE MATERIA
Término de materia o nombre geográfico como elemento de entrada Poesía norteamericana-
Subdivisión general Historia y crítica.
9 (RLIN) 16195
830 0# - PUNTO DE ACCESO ADICIONAL DE SERIE-TÍTULO UNIFORME
Título uniforme Bibliothèque de la Revue de Litterature Comparée ;
Designación de volumen o secuencia 62
9 (RLIN) 182653
852 ## - LOCALIZACIÓN
Ubicación ES-MaACL
Número de control de estantería A-2343
Holdings
Estatus retirado Estado de pérdida Estado de daño No para préstamo Biblioteca de origen Biblioteca actual Ubicación en estantería Fecha de adquisición Fuente de adquisición Total de préstamos Signatura topográfica completa Código de barras Visto por última vez Precio de reemplazo Tipo de ítem Koha
        Biblioteca del Ateneo de Madrid Biblioteca del Ateneo de Madrid Sala Pecera Planta 1 17/01/2008     A-2343 1134018 23/02/2023 23/02/2023 Libro impreso